• 首页
  • 本馆介绍
  • 公告通知
  • 最新文献
  • 馆藏检索
  • 电子资源
  • 读者导购
  • 参考咨询
  • 我的图书馆
  • 登录
  • 详细信息显示
  • 放入我的书架
  • 预约/预借图书
  • 作者相关作品
  • 分类相关作品
  • 丛书相关作品
  • 出版社相关作品

书目信息

  • 表格格式
  • 工作单格式
  • 卡片格式
题名:
化学化工文献检索与应用
    
 
作者: 陈琼 , 朱传芳 , 辜清华 编著
分册:  
出版信息: 北京   化学工业出版社  2015.01
页数: 168页
开本: 24cm
丛书名:
单 册:
中图分类: G252.7
科图分类:
主题词: 化学--情报检索 , 化学工业--情报检索
电子资源:
ISBN: 978-7-122-22129-2
000 01083nam0 2200265 450
001 36
005 20180921110424.28
010    @a978-7-122-22129-2@dCNY28.00
100    @a20150427d2015 em y0chiy50 ea
101 0  @achi
102    @aCN@b110000
105    @ay z 000yy
200 1  @a化学化工文献检索与应用@9hua xue hua gong wen xian jian suo yu ying yong@f陈琼,朱传方,辜清华编著
205    @a2版
210    @a北京@c化学工业出版社@d2015.01
215    @a168页@d24cm
330    @a本书在第一版的基础上,为更好地适应现阶段文献检索的需要,详细介绍了文献基础知识、化学化工专业领域的重点科技图书与期刊的同时,重点介绍了化学领域各类期刊数据库与电子期刊,以及“Web of Knowledge” “SciFinderScholar”“Reaxys“等数据库的检索方法。另外,还详细介绍了专利文献检索、“WEB资源“检索等内容。
606 0  @a化学@x情报检索
606 0  @a化学工业@x情报检索
690    @aG252.7@v5
701  0 @a陈琼@9chen qiong@4编著
701  0 @a朱传芳@9zhu chuan fang@f(1943.11-)@4编著
701  0 @a辜清华@9gu qing hua@c(女,@f1970-)
801  0 @aCN@b91MARC@c20150427
905    @aMuseLib@dG252.7@e119=2
    
    化学化工文献检索与应用/陈琼,朱传方,辜清华编著.-2版.-北京:化学工业出版社,2015.01
    168页;24cm
    
    
    ISBN 978-7-122-22129-2:CNY28.00
    本书在第一版的基础上,为更好地适应现阶段文献检索的需要,详细介绍了文献基础知识、化学化工专业领域的重点科技图书与期刊的同时,重点介绍了化学领域各类期刊数据库与电子期刊,以及“Web of Knowledge” “SciFinderScholar”“Reaxys“等数据库的检索方法。另外,还详细介绍了专利文献检索、“WEB资源“检索等内容。
●
相关链接 在E读中查询图书 在五车中查询图书 在当当中查询图书 在豆瓣中查询图书


正题名:化学化工文献检索与应用     索取号:G252.7/119=2         预约/预借

序号 登录号 条形码 馆藏地/架位号 状态 备注
1 1117919   211179197   第一样本阅览室/ [索取号:G252.7/119=2] 在馆    
2 1117920   211179204   第四借阅区/ [索取号:G252.7/119=2] 在馆    
3 1117921   211179213   第四借阅区/ [索取号:G252.7/119=2] 在馆    
4 1117922   211179222   第四借阅区/ [索取号:G252.7/119=2] 在馆    
5 1117923   211179231   化学系资料室/ [索取号:G252.7/119=2] 在馆    
唐山师范学院图书馆 欢迎您!
大连网信软件有限公司© 版权所有